LDR 00551naa#a2200169#i#450# 001 EN\INFRA-M\bibl\118042 005 20260415164018.3 011 ## _a1998-0701 100 ## _a20260227b2026####ek#y0engy0150####ca 102 ## _aRU 200 1# _aApplication of International Standards on Data Quality _eJournal article 210 1# _aMoscow _cINFRA-M Academic Publishing LLC. _d2026 215 ## _a4 с. 608 ## _aJournal article _2local 675 ## _aОтрасли народного хозяйства в целом. 338.012 _z 700 #1 _aLisunova _gO. A. 856 4# _anaukaru.ru _u